000 02265nam2a2200373 4500
001 RU\NLR\bibl\395854
005 20260405095904.0
010 _a5-8173-0065-6
_9150
021 _aRU
_b2003-752
_935
035 _a(NLR Aleph) 000390092
090 _a510097
_c510097
100 _a20030219d2002 |||y0rusy50 ca
101 1 _arus
_aeng
102 _aRU
105 _ay |||||||||
200 0 _aЧ. 2
_eУчеб. пособие для студентов IV курса по направлению 620100 "Лингвистика и межкульт. коммуникация" по спец. 022900 "Перевод и переводоведение"
_fЛ.Н. Павлова
210 _d2002
_aБ. м.
215 _a93 с.
300 _aНа обл.: A practical english grammar for translation / L. N. Pavlova
320 _aБиблиогр.: с. 93 (4 назв.)
461 0 _1001RU\NLR\bibl\234686
_12001#$aПрактическая грамматика английского языка для письменного перевода$vЧ. 2
_91342098
_aВавилова, Л. Я.
_cКрасноярск
_d2000
_fЛ.Я. Вавилова
_nСибГТУ
_oУчеб. пособие для студентов III курса по направлению "Лингвистика"
_tПрактическая грамматика английского языка для письменного перевода
_vЧ. 2
512 1 _6z45790
_aA practical English grammar for translation
610 0 _aАнглийский язык - Грамматика
610 0 _aАнглийский язык - Переводы
675 _a811.111(075.8)
_v3
_zrus
686 _a81.2Англ-923
_2rubbk
701 1 _4070
_8rus
_7ca
_aПавлова
_bЛ. Н.
_cканд. пед. наук
_gЛюдмила Николаевна
_3RU\NLR\auth\7736204
_919195
790 1 _4070
_8rus
_7ba
_aPavlova
_bL. N.
_cканд. пед. наук
_gLjudmila Nikolaevna
_3RU\NLR\auth\7736209
_919200
801 0 _aRU
_bRKP
_c20030219
_gPSBO
801 1 _aRU
_bRKP
_c20030219
801 2 _aRU
_bNLR
_c20060331
_grcr
942 _cBOOK
980 _aNB